000 00576nam a2200181 a 4500
003 PILC
005 20160215100122.0
008 091125s19uu xx 00 eng d
020 _a9781433803499
050 _aBF 77
_b.F38 2008
245 _aFavorite activities for the teaching of psychology /
_cedited by Ludy T. Benjamin.
260 _aWashington DC :
_bAmerican Psychological Association,
_c2008.
300 _a291 pages :
_billustrations ;
_c28 cm.
500 _aIncludes index.
650 _aPsychology
_xstudy and teaching.
942 _cBK
_2lcc
_kFOR
999 _c23743
_d23743